000 01313cam a22002894a 4500
999 _c3616
_d3616
001 15046646
003 Nust
005 20180117090010.0
008 071016s2008 njua b 001 0 eng
010 _a 2007939554
020 _a9780691116402 (alk. paper)
040 _aDLC
_cDLC
_dDLC
050 0 0 _aHB172.5
_b.W53 2008
082 0 0 _a339
_222
100 1 _aWickens, Mike.
245 1 0 _aMacroeconomic theory :
_ba dynamic general equilibrium approach /
_cMichael Wickens.
260 _aPrinceton :
_bPrinceton University Press,
_cc2008.
300 _axv, 470 p. :
_bill. ;
_c27 cm.
504 _aIncludes bibliographical references (p. [459]-469) and index.
650 0 _aMacroeconomics.
906 _a7
_bcbc
_corignew
_d2
_eepcn
_f20
_gy-gencatlg
942 _2ddc
_cBK